| 000 | 00799cam a2200265 4500 | ||
|---|---|---|---|
| 001 | J1555 | ||
| 008 | 090401t1993 xxu||||| |||| 00| 0 eng d | ||
| 035 | _a(Sirsi) u44197 | ||
| 041 | _aeng | ||
| 050 | _a347.4107 | ||
| 100 | _aKwayke, A.A. | ||
| 245 | _aAlternative dispute resolution (ADR) in construction. | ||
| 260 |
_aAscot, Berks. _bChartered Institute of Building _c1993 |
||
| 300 | _a5p. ; 30cm. | ||
| 350 | _a0 | ||
| 490 |
_aConstruction Papers _v21 |
||
| 650 | _aALTERNATIVE DISPUTE RESOLUTION | ||
| 650 | _aALTERNATIVE DISPUTE RESOLUTION | ||
| 650 | _aBUILT ENVIRONMENT-BUILDING CONTRACT FORMS | ||
| 650 | _aBUILDING INDUSTRY | ||
| 690 | _aBUILT ENVIRONMENT-BUILDING CONTRACT FORMS | ||
| 710 |
_aChartered Institute of Building _92134 |
||
| 942 | _n0 | ||
| 948 | _c04/03/1997 | ||
| 999 |
_c91459 _d91459 |
||